| 000 | 005050000a22001810004500 | ||
|---|---|---|---|
| 041 | 0 | _aSPA | |
| 082 | 0 | 4 | _aG 268.5 R4951a |
| 100 | 1 | _aRice, Kenneth S. | |
| 245 | 1 | 0 | _aAsí se crece / Kenneth S. Rice ; Sergio Franco, Traductor |
| 260 | _aKansas City, MIS ., USA : Casa Nazarena | ||
| 300 | _a107 Pag | ||
| 500 | _aTítulo original : The growing edge | ||
| 001 | 7998 | ||
| 942 | _cBK | ||
| 999 |
_c38197 _d38197 |
||
| 336 |
_atexto _btxt _2rdacontent |
||
| 337 |
_2rdamedia _asin mediación _bn |
||
| 338 |
_2rdacarrier _avolumen _bnc |
||